Paul and Juhl's Essentials of radiologic imaging / (Record no. 3336)
[ view plain ]
| 000 -LEADER | |
|---|---|
| fixed length control field | 00857cam a2200241 a 4500 |
| 001 - CONTROL NUMBER | |
| control field | 2879173 |
| 005 - DATE AND TIME OF LATEST TRANSACTION | |
| control field | 20250131203410.0 |
| 008 - FIXED-LENGTH DATA ELEMENTS--GENERAL INFORMATION | |
| fixed length control field | 860905s1987 paua b 001 0 eng c |
| 020 ## - INTERNATIONAL STANDARD BOOK NUMBER | |
| International Standard Book Number | 0397508034 |
| 050 10 - LIBRARY OF CONGRESS CALL NUMBER | |
| Classification number | RC78.7.D53 |
| Item number | P38 1987 |
| 082 00 - DEWEY DECIMAL CLASSIFICATION NUMBER | |
| Classification number | 616.07/57 |
| Edition information | 19 |
| 245 00 - TITLE STATEMENT | |
| Title | Paul and Juhl's Essentials of radiologic imaging / |
| Statement of responsibility, etc. | edited by John H. Juhl, Andrew B. Crummy. |
| 250 ## - EDITION STATEMENT | |
| Edition statement | 5th ed. |
| 260 ## - PUBLICATION, DISTRIBUTION, ETC. | |
| Place of publication, distribution, etc. | Philadelphia : |
| Name of publisher, distributor, etc. | J. B. Lippincott Company, |
| Date of publication, distribution, etc. | c1987. |
| 300 ## - PHYSICAL DESCRIPTION | |
| Extent | xii, 1152 p. : |
| Other physical details | ill. ; |
| Dimensions | 28 cm. |
| 500 ## - GENERAL NOTE | |
| General note | Rev. ed. of: Paul and Juhl's Essentials of roentgen interpretation / Lester W. Paul. 4th ed. c1981. |
| 650 #0 - SUBJECT ADDED ENTRY--TOPICAL TERM | |
| Topical term or geographic name entry element | Diagnostic imaging. |
| 650 #2 - SUBJECT ADDED ENTRY--TOPICAL TERM | |
| Topical term or geographic name entry element | Radiography. |
| 700 1# - ADDED ENTRY--PERSONAL NAME | |
| Personal name | Juhl, John H. |
| 700 1# - ADDED ENTRY--PERSONAL NAME | |
| Personal name | Crummy, Andrew B. |
| 700 1# - ADDED ENTRY--PERSONAL NAME | |
| Personal name | Paul, Lester W., |
| Dates associated with a name | 1899- |
| Title of a work | Essentials of roentgen interpretation. |
| 942 ## - ADDED ENTRY ELEMENTS (KOHA) | |
| Source of classification or shelving scheme | Library of Congress Classification |
| Koha item type | Books |
| Edition | 5th ed. |
| Suppress in OPAC | No |
| 999 ## - | |
| -- | 3336 |
| -- | 3336 |
| Withdrawn status | Lost status | Source of classification or shelving scheme | Damaged status | Not for loan | Collection | Home library | Current library | Shelving location | Date acquired | Total checkouts | Full call number | Barcode | Date last seen | Copy number | Price effective from | Koha item type |
|---|---|---|---|---|---|---|---|---|---|---|---|---|---|---|---|---|
| Library of Congress Classification | Non-fiction | Science Library (Miotso) | Science Library (Miotso) | General stacks | 01/31/2025 | RC78.7 .D53P38 PAU | SLM00002748 | 01/31/2025 | 1 | 01/31/2025 | Books |